000 00652nam a2200205 i 4500
001 37183
003 ES-MaACL
005 20251130063152.0
007 t|
008 030220s1972 sp ||||1| spa d
100 1 _aBunge, Mario,
_d1919-
_9165711
245 1 0 _aTeoría y realidad /
_cMario Bunge ; traducción castellana de J.L. García Molina y J. Sempere.
260 _aBarcelona, etc. :
_bAriel,
_c[1972]
300 _a301 p. ;
_c18 cm.
650 _aCiencia-
_xFilosofía.
_910950
700 1 _aGarcía Molina, J. L.
_954960
700 1 _aSempere, Joaquín.
_9105403
852 _aES-MaACL
_jC-43846
_bR.83268
999 _c37183
_d37183